| 000 | 00873nam a2200229Ia 4500 | ||
|---|---|---|---|
| 003 | IN-BaIIA | ||
| 008 | 211028s9999 xx 000 0 eng d | ||
| 020 | _a90-277-04600 | ||
| 040 | _cIIA Library | ||
| 080 |
_a082.2:52 _bIAU-S58 |
||
| 111 |
_aInternational Astronomical Union Symposium _n58th _cCanberra, Austrilia _d1973 Aug. 12-15 _98271 |
||
| 245 | 4 |
_aThe formation and dynamics of galaxies _bproceedings of the IAU symposium no.58 held in Canberra, Australia, August 12-15, 1973 _cedited by John R. Shakeshaft |
|
| 260 |
_aDordrecht _bD. Reidel Publishing _c1974 |
||
| 300 | _axv, 441p. | ||
| 490 | _aIAU Symposium; no. 58 | ||
| 650 |
_a Dynamical evolution _98272 |
||
| 650 |
_a Galaxies _98273 |
||
| 650 |
_aAstronomy and Astrophysics Thesaurus _91143 |
||
| 700 |
_aShakeshaft, John R., ed. _98274 |
||
| 710 | _aInternational Astronomical Union | ||
| 942 | _cBK | ||
| 999 |
_c4669 _d4669 |
||